[Event "Montigny le Bretonneux-C 15th"]
[Site "Montigny le Bretonneux"]
[Date "2016.10.30"]
[Round "9.1"]
[White "Mousset Evtouchenko, Nina"]
[Black "Pages, Francois"]
[Result "1/2-1/2"]
[WhiteElo "1628"]
[BlackElo "1491"]
[PlyCount "220"]
[EventDate "2016.10.22"]
[EventType "tourn"]
[EventRounds "9"]
[EventCountry "FRA"]
[SourceTitle "EXT 2024"]
[Source "ChessBase"]
[SourceDate "2023.10.10"]
[SourceVersion "1"]
[SourceVersionDate "2023.10.10"]
[SourceQuality "1"]

1. d4 d5 2. Nc3 e6 3. Nf3 Nf6 4. Bg5 Be7 5. e3 0-0 6. Bd3 Nbd7 7. Qd2 c5 8. dxc5 Nxc5 9. Be2 Nfe4 10. Bxe7 Nxd2 11. Bxd8 Nxf3+ 12. Bxf3 Rxd8 13. 0-0-0 Rd7 14. Rhe1 Rb8 15. e4 d4 16. Nb5 e5 17. Nxa7 Ra8 18. Nxc8 Rxc8 19. Bg4 Ne6 20. Kb1 Rdc7 21. Rd2 Rc6 22. g3 f6 23. f4 R8c7 24. fxe5 fxe5 25. Rf2 Nf8 26. Ref1 Ng6 27. Bh5 Rc8 28. Bd1 b5 29. a3 Nf8 30. h4 Rb8 31. g4 Ng6 32. h5 Nf4 33. Rh1 b4 34. a4 Ra8 35. b3 Rd6 36. g5 Ra7 37. Bg4 Rc7 38. h6 g6 39. Bh3 Ra7 40. Bf1 Kf8 41. Bc4 Ke8 42. Kb2 Kd8 43. Ra1 Rb6 44. a5 Rb8 45. Rff1 Kc7 46. Ra4 Kd6 47. Rfa1 Nh3 48. Rf1 Nf4 49. a6 Kc7 50. Ra5 Kd6 51. Rb5 Rxb5 52. Bxb5 Kc5 53. Bc4 Kb6 54. Ra1 Nh3 55. Ra4 Nxg5 56. Rxb4+ Kc6 57. Bd3 Nf7 58. Rb8 Nxh6 59. Rc8+ Rc7 60. Rxc7+ Kxc7 61. b4 Nf7 62. Kb3 Nd6 63. c3 dxc3 64. Kxc3 Kb6 65. b5 g5 66. Kd2 Nc8 67. Be2 Kc5 68. Ke3 Nb6 69. Bd3 h6 70. Kf3 Kd4 71. Bf1 Kc3 72. Kg4 Kd4 73. Kf5 Na8 74. a7 Nb6 75. Bg2 Kc5 76. Kxe5 Kxb5 77. Kf5 Ka6 78. e5 Kxa7 79. e6 Nc8 80. Kg6 Kb6 81. Kxh6 Kc7 82. Kxg5 Ne7 83. Kf6 Kd6 84. Bh3 Nc8 85. Bg2 Ne7 86. Bb7 Ng8+ 87. Kf7 Ne7 88. Bg2 Nc8 89. Bh3 Ne7 90. Ke8 Nc8 91. Kd8 Ne7 92. Bg4 Nc6+ 93. Ke8 Ne7 94. Kf7 Nc8 95. Bf3 Ne7 96. Bb7 Nf5 97. Bc8 Ne7 98. Bd7 Nd5 99. Bc8 Kc7 100. Bd7 Kd6 101. Ba4 Ne7 102. Bb3 Nc8 103. Ke8 Ne7 104. Kd8 Nc6+ 105. Ke8 Ne7 106. Kf7 Nc8 107. Ba4 Ne7 108. Bd7 Nd5 109. Kf8 Nc7 110. Kf7 Nxe6 1/2-1/2